000 00848nam a2200193Ia 4500
008 151121s9999||||xx |||||||||||||| ||und||
082 _a920/ग्रॅहॅ म
082 _bHNW-52716
100 _a"ग्रॅहम शिर्ले, लिप्सकोम्ब"
245 _aजॉर्ज वॉशिंग्टन कार्व्हर
260 _b"नवसाहित्य प्रकाशन, मुंबई।"
260 _c--
300 _a140
600 _a"ग्रॅहम शिर्ले, लिप्सकोम्ब"
630 _aजॉर्ज वॉशिंग्टन कार्व्हर
700 _a"ग्रॅहम शिर्ले, लिप्सकोम्ब"
730 _aजॉर्ज वॉशिंग्टन कार्व्हर
942 _cBOOK
999 _c1236639
_d1236636